| 000 | 00617nam a2200193 i 4500 | ||
|---|---|---|---|
| 001 | 92322 | ||
| 003 | ES-MaACL | ||
| 005 | 20230906180938.0 | ||
| 007 | t| | ||
| 008 | 050224s1973 sp ||||1| spa d | ||
| 100 | 0 |
_aLiddell Hart, Basil Henry _cSir. _972214 |
|
| 245 | 1 | 0 |
_aMemorias de un cronista militar / _cBasil Henry Liddell Hart; [versión de Manuel Castillo Molina y Ramón Alonso]. |
| 250 | _a[1ª ed]. | ||
| 260 |
_aBarcelona : _bCaralt, _c[1973] |
||
| 300 |
_a564 p. ; _c22 cm. |
||
| 700 | 1 |
_aCastillo Molina, Manuel. _936753 |
|
| 700 | 1 |
_aAlonso, Ramón. _920239 |
|
| 852 |
_aES-MaACL _jC-51900 _bR.85531 |
||
| 999 |
_c92322 _d92322 |
||